000 00419nam a2200133Ia 4500
008 100328s9999 xx 000 0 und d
082 _b61110
100 _aबोरगावकर रा.म.
245 _aनिशब्द पाऊलवाट.
260 _bमाुश्री.
630 _aनिशब्द पाऊलवाट.
730 _aनिशब्द पाऊलवाट.
942 _cBOOK
999 _c547215
_d547212